000 00622nam a2200181 i 4500
001 28473
003 ES-MaACL
007 t|
008 030117s1982 sp ||||1| spa d
100 1 _aBaena del Alcázar, Mariano.
_924589
245 1 3 _aLa regulación jurídico-pública de los productos alimentarios /
_cMariano Baena del Alcázar.
260 _aMadrid :
_b[Presidencia del Gobierno, Servicio Central de Publicaciones],
_c1982.
300 _a137 p. ;
_c17 cm.
490 1 _aColección informe ;
_v37
830 0 _aColección informe ;
_v37
_9182115
852 _aES-MaACL
_jL-6183
_bR.106031
999 _c28473
_d28473